[Event "Jastrzebie Zdroj op"]
[Site "Jastrzebie Zdroj"]
[Date "2019.08.13"]
[Round "2"]
[White "Kozubek, Krystian"]
[Black "Piec, Patryk"]
[Result "1-0"]
[WhiteElo "1495"]
[BlackElo "1095"]
[PlyCount "77"]
[EventDate "2019.08.12"]
[EventType "swiss"]
[EventRounds "9"]
[EventCountry "POL"]
[SourceTitle "CBM 191 Extra"]
[Source "ChessBase"]
[SourceDate "2019.09.30"]
[SourceVersion "1"]
[SourceVersionDate "2019.09.30"]
[SourceQuality "1"]

1. c4 e5 2. Nc3 Bb4 3. g3 d6 4. Bg2 Bxc3 5. bxc3 Nf6 6. Rb1 Nc6 7. d4 0-0 8. e3 Qe8 9. Ba3 Rb8 10. c5 Bf5 11. cxd6 Bxb1 12. dxc7 Rc8 13. Qxb1 Rxc7 14. Bxf8 Qxf8 15. Ne2 exd4 16. cxd4 Qb4+ 17. Qxb4 Nxb4 18. 0-0 Nxa2 19. Ra1 Rc2 20. Kf1 b6 21. Bf3 a5 22. d5 Kf8 23. Nd4 Rc1+ 24. Rxc1 Nxc1 25. Nb5 Nb3 26. Ke2 Nc5 27. d6 Ke8 28. Bc6+ Kd8 29. Nc3 h6 30. f3 g5 31. e4 h5 32. Ke3 Nfd7 33. f4 f6 34. h3 Kc8 35. h4 Ne6 36. Nd5 gxf4+ 37. gxf4 Nec5 38. e5 fxe5 39. fxe5 1-0

[Event "Jastrzebie Zdroj op"]
[Site "Jastrzebie Zdroj"]
[Date "2018.08.18"]
[Round "1"]
[White "Molenda, Marcin"]
[Black "Kozubek, Krystian"]
[Result "1-0"]
[WhiteElo "2379"]
[BlackElo "1520"]
[PlyCount "55"]
[EventDate "2018.08.18"]
[EventType "swiss"]
[EventRounds "9"]
[EventCountry "POL"]
[SourceTitle "CBM 186 Extra"]
[Source "ChessBase"]
[SourceDate "2018.08.24"]
[SourceVersion "1"]
[SourceVersionDate "2018.08.24"]
[SourceQuality "1"]

1. d4 d5 2. c4 dxc4 3. e3 e5 4. Bxc4 exd4 5. exd4 c6 6. Nf3 Bb4+ 7. Nc3 Bg4 8. Bxf7+ Kf8 9. Bc4 Qf6 10. Be2 h6 11. 0-0 Bxc3 12. bxc3 Nd7 13. Rb1 b6 14. c4 Ne7 15. Rb3 Kg8 16. Bb2 Qd6 17. h3 Bh5 18. Ne5 Nxe5 19. dxe5 Qxd1 20. Bxd1 Bf7 21. Be2 Rd8 22. Rd3 Rxd3 23. Bxd3 Be6 24. f4 g6 25. g4 Rh7 26. f5 Bf7 27. e6 Be8 28. f6 1-0

[Event "POL-chT U19 2nd League"]
[Site "Iwonicz"]
[Date "2016.07.31"]
[Round "8.33"]
[White "Kozubek, Krystian"]
[Black "Golecki, Jan"]
[Result "0-1"]
[WhiteElo "1136"]
[BlackElo "1758"]
[PlyCount "84"]
[EventDate "2016.07.23"]
[EventType "team-swiss"]
[EventRounds "11"]
[EventCountry "POL"]
[SourceTitle "EXT 2019"]
[Source "ChessBase"]
[SourceDate "2018.10.10"]
[SourceVersion "1"]
[SourceVersionDate "2018.10.10"]
[SourceQuality "1"]
[WhiteTeam "Pszczyna PSSz U19"]
[BlackTeam "Chylice KS Laura U19 II"]
[WhiteTeamCountry "POL"]
[BlackTeamCountry "POL"]

1. e4 c5 2. c3 d5 3. exd5 Qxd5 4. d4 Nc6 5. Nf3 Bf5 6. Be3 Nf6 7. Nbd2 cxd4 8. Bc4 Qd8 9. Nxd4 Nxd4 10. Bxd4 e6 11. 0-0 Bd6 12. Qa4+ Nd7 13. Bb5 a6 14. Nc4 Bc7 15. Bxd7+ Qxd7 16. Qxd7+ Kxd7 17. Ne3 Be4 18. f3 Bc6 19. Bxg7 Rhg8 20. Bd4 e5 21. Bc5 b6 22. Ba3 Ke6 23. g3 f5 24. Ng2 Rad8 25. Rf2 Rd3 26. Ne1 Re3 27. c4 f4 28. Kg2 fxg3 29. hxg3 e4 30. fxe4 Bxe4+ 31. Kf1 Bxg3 32. Re2 Rxe2 33. Kxe2 h5 34. Nf3 h4 35. Rh1 Kf5 36. Rg1 h3 37. b4 Bxf3+ 38. Kxf3 h2 39. Rh1 Be5 40. Kf2 Rg1 41. Rxg1 Bd4+ 42. Ke2 hxg1Q 0-1

[Event "POL-chT U19 2nd League"]
[Site "Iwonicz"]
[Date "2016.07.31"]
[Round "10.45"]
[White "Kozubek, Krystian"]
[Black "Niedbala, Bartlomiej"]
[Result "1/2-1/2"]
[WhiteElo "1136"]
[BlackElo "1626"]
[PlyCount "112"]
[EventDate "2016.07.23"]
[EventType "team-swiss"]
[EventRounds "11"]
[EventCountry "POL"]
[SourceTitle "EXT 2019"]
[Source "ChessBase"]
[SourceDate "2018.10.10"]
[SourceVersion "1"]
[SourceVersionDate "2018.10.10"]
[SourceQuality "1"]
[WhiteTeam "Pszczyna PSSz U19"]
[BlackTeam "Tarnowskie Gory Strzybniczanka U19"]
[WhiteTeamCountry "POL"]
[BlackTeamCountry "POL"]

1. d4 Nf6 2. c4 e5 3. dxe5 Ng4 4. Nf3 Bc5 5. e3 Nc6 6. h3 Ngxe5 7. Bd2 d6 8. Bc3 Qe7 9. Be2 Be6 10. Nbd2 0-0 11. b3 f5 12. Nxe5 dxe5 13. Qc2 a5 14. Nf3 Bb4 15. 0-0 Bxc3 16. Qxc3 Bf7 17. Bd1 Qb4 18. Qb2 Bxc4 19. Be2 Bxe2 20. Qxe2 h6 21. Rfc1 e4 22. Nd2 Rfd8 23. Nc4 Kh7 24. g3 a4 25. bxa4 Qxa4 26. Rab1 Qa6 27. Qb2 Rab8 28. Ne5 Rd6 29. Nxc6 Rxc6 30. Rxc6 Qxc6 31. Qe5 Rf8 32. Rb3 Rf7 33. a4 Qd6 34. Qxd6 cxd6 35. Rb6 Rd7 36. a5 Kg6 37. a6 bxa6 38. Rxa6 Kf6 39. Kg2 Ke6 40. h4 Rc7 41. Rb6 Kf6 42. Rxd6+ Kf7 43. Ra6 Re7 44. Ra5 Kg6 45. Kh3 Rf7 46. Rb5 Rf6 47. Ra5 Rb6 48. Kg2 Kf6 49. Ra2 Kg6 50. Ra5 Kf6 51. Ra2 g5 52. hxg5+ hxg5 53. Ra4 Kg6 54. g4 Re6 55. gxf5+ Kxf5 56. Kg3 Rf6 1/2-1/2

[Event "POL-chT U19 2nd League"]
[Site "Iwonicz"]
[Date "2016.07.31"]
[Round "4.27"]
[White "Kozubek, Krystian"]
[Black "Skurniak, Szymon"]
[Result "0-1"]
[WhiteElo "1136"]
[BlackElo "1603"]
[PlyCount "114"]
[EventDate "2016.07.23"]
[EventType "team-swiss"]
[EventRounds "11"]
[EventCountry "POL"]
[SourceTitle "EXT 2019"]
[Source "ChessBase"]
[SourceDate "2018.10.10"]
[SourceVersion "1"]
[SourceVersionDate "2018.10.10"]
[SourceQuality "1"]
[WhiteTeam "Pszczyna PSSz U19"]
[BlackTeam "Kalisz KTS U19"]
[WhiteTeamCountry "POL"]
[BlackTeamCountry "POL"]

1. e4 c5 2. c3 d5 3. exd5 Qxd5 4. d4 Nf6 5. Nf3 Bg4 6. Be2 e6 7. Be3 cxd4 8. Qxd4 Nc6 9. Qd2 Be7 10. 0-0 0-0 11. h3 Bh5 12. Re1 Rfd8 13. Nd4 Bxe2 14. Qxe2 Ne5 15. Nd2 Rac8 16. N2f3 Nc4 17. Nb3 Nxe3 18. Qxe3 b6 19. Qe2 Qb7 20. Rad1 Bd6 21. Rd3 Nd5 22. Qe4 Qc7 23. Red1 h6 24. Rd4 Bc5 25. Nxc5 bxc5 26. R4d2 c4 27. Rd4 Qb6 28. Qe2 Qb5 29. g3 a5 30. Ne5 a4 31. a3 Rc7 32. R1d2 Rdc8 33. Rc2 Rc5 34. Rcd2 Nxc3 35. Rd8+ Rxd8 36. Rxd8+ Kh7 37. Qc2+ f5 38. Qxc3 Rxe5 39. Rc8 Qd5 40. Qc1 Re4 41. Rc7 Qe5 42. Rxc4 Re1+ 43. Qxe1 Qxe1+ 44. Kg2 Qd1 45. Rb4 Kg6 46. h4 Kf6 47. Rf4 Ke5 48. Rb4 Kd5 49. Rf4 Qb3 50. Rb4 Qxb4 51. axb4 Kc4 52. Kf3 Kxb4 53. Ke3 Kb3 54. Kd2 Kxb2 55. f4 a3 56. Ke3 a2 57. Kf3 a1Q 0-1

[Event "POL-chT U19 2nd League"]
[Site "Iwonicz"]
[Date "2015.08.01"]
[Round "5.76"]
[White "Kozubek, Krystian"]
[Black "Stefanski, Adam"]
[Result "0-1"]
[WhiteElo "1291"]
[BlackElo "1196"]
[PlyCount "100"]
[EventDate "2015.07.25"]
[EventType "team-swiss"]
[EventRounds "11"]
[EventCountry "POL"]
[SourceTitle "EXT 2019"]
[Source "ChessBase"]
[SourceDate "2018.10.10"]
[SourceVersion "1"]
[SourceVersionDate "2018.10.10"]
[SourceQuality "1"]
[WhiteTeam "Pszczyna PSSz U19"]
[BlackTeam "Malopolski Skoczek Sedziszow U19"]
[WhiteTeamCountry "POL"]
[BlackTeamCountry "POL"]

1. e4 c6 2. d4 d5 3. Nc3 dxe4 4. Nxe4 Bf5 5. Ng3 Bg6 6. N1e2 Nf6 7. Nf4 e6 8. h4 Bf5 9. Bd3 Bxd3 10. Qxd3 Nd5 11. Nge2 Bd6 12. Nxd5 cxd5 13. Bg5 Be7 14. Qb5+ Qd7 15. Nc3 Nc6 16. Bxe7 Nxe7 17. Qxd7+ Kxd7 18. 0-0 Nf5 19. Ne2 Nxh4 20. g3 Nf5 21. Rac1 h5 22. c4 dxc4 23. Rxc4 Rac8 24. b3 b6 25. Rfc1 Rxc4 26. Rxc4 Rc8 27. Rxc8 Kxc8 28. Kg2 Kd7 29. Kf3 Kd6 30. Ke4 a6 31. Kd3 Ne7 32. a3 Nc6 33. b4 b5 34. f4 f6 35. Nc1 e5 36. fxe5+ fxe5 37. Nb3 exd4 38. Nc5 a5 39. Nb7+ Kc7 40. Nxa5 Nxa5 41. bxa5 Kb7 42. Kxd4 Ka6 43. Ke5 g5 44. Kf5 h4 45. gxh4 gxh4 46. Kg4 Kxa5 47. Kxh4 Ka4 48. Kg3 Kxa3 49. Kf2 b4 50. Ke2 Ka2 0-1